00481nam a22001697a 4500999001500000003000400015005001700019008004100036020001500077040000800092082001600100245008800116260004900204300001200253650003400265942001200299 c6481d6481OSt20190116204748.0190116b ||||| |||| 00| 0 eng d a0664247199 cDLC a227.6bE66E aThe Epistle Of The Paul To The Philippians /bAn Exposition.cBy Charles R. Erdman. aPhiladelphia:bThe Westminster Press,c1977. a155 p.: aEpistlesxPaul To Philippians 2ddccBK